|
|
|
|
| LEADER |
00000nam a2200000 a 4500 |
| 001 |
vtls001218918 |
| 003 |
SK-MaSNL |
| 005 |
20260425224803.0 |
| 008 |
160414s1996 xo p 0 slo |
| 015 |
|
|
|a SNBI1996/0200811
|
| 020 |
|
|
|a 8088754062
|
| 035 |
|
|
|a SNK000162799
|
| 040 |
|
|
|a SNK
|b slo
|c SNK
|e AACR2
|
| 041 |
0 |
|
|a slo
|
| 044 |
|
|
|a xo
|c SK
|
| 080 |
|
|
|a 656.2.022.5(437.6)(083.81)"1996/1997"
|2 1981
|
| 110 |
2 |
|
|a Železnice Slovenskej republiky
|4 aut
|9 29931
|
| 245 |
1 |
|
|a Cestovný poriadok ŽSR 1996-1997
|b platí od 2.6.1996 do 31.5.1997
|
| 260 |
|
|
|a Vrútky
|b Nadas-AFGH
|c 1996
|
| 300 |
|
|
|a [396] s., [1]s., príl.
|b mp., rekl., tab.
|c 21 cm
|
| 500 |
|
|
|a Čiast. text angl., nem., franc. a špan.
|
| 650 |
0 |
7 |
|a doprava železničná
|z Slovensko
|y 1996-1997
|x poriadky cestovné
|2 SNK
|9 380000
|
| 651 |
|
7 |
|a Slovensko
|2 SNK
|9 14231
|
| 655 |
|
7 |
|a cestovné a letové poriadky
|2 SNK
|9 62742
|
| 919 |
|
|
|a 80-88754-06-2
|
| 958 |
|
|
|a TL
|
| 999 |
|
|
|c 624830
|d 626760
|
| 952 |
|
|
|t P60, <09>, [BOOK], {629}
|a SNK
|b SNK
|y NEVYP
|7 0
|o snkC 1277
|i snk2397/960724
|0 0
|1 0
|4 0
|d 1996-07-23
|l 0
|r 2005-01-01 00:00:00
|w 2026-02-23
|
| 952 |
|
|
|t P60, <03>, [BOOK], {603}
|a SNK
|b SNK
|y PREZ
|7 0
|p 17A0007020
|o snkOSD 6929/1996-97
|i snkKSP 5814/96
|0 0
|1 0
|4 0
|d 1996-07-23
|l 0
|r 2005-01-01 00:00:00
|w 2026-02-23
|
| 952 |
|
|
|t P60, <04>, [BOOK], {604}
|a SNK
|b SNK
|y VYP
|7 0
|p 17A0007019
|o snkOSD 6929/1996-97 D1
|i snkKSP 5815/96
|0 0
|1 0
|4 0
|d 1996-07-23
|l 0
|r 2005-01-01 00:00:00
|w 2026-02-23
|